02250cam a22003494a 4500999001700000001000900017003000400026005001700030008004100047010001700088020002800105040001800133042000800151043001200159050002100171082002200192245010300214260003800317300005200355440004300407504006800450505099000518650001701508650001601525650003301541650003301574700001801607856007401625906004501699942003301744952012301777 c25482d2548212495016OSt20170131123526.0010806s2002 ne af b 001 0 eng  a 2001043354 a9004115889 (alk. paper) aDLCcDLCdDLC apcc ae------00aN9100b.A78 200200a704.9/493550222100aArtful armies, beautiful battles :bart and warfare in early modern Europe /cedited by Pia Cuneo. aLeiden ;aBoston :bBrill,c2002. axii, 266 p. [30] p. of plates :bill. ;c25 cm. 0aHistory of warfare,x0928-0731 ;vv. 9 aIncludes bibliographical references (p. [235]-248) and indexes.0 aMilitary science, history, and art / Guy Wilson -- Warfare and artistic production in the German lands during the Thirty Years War (1618-48) / Sigrun Haude -- Shining armor : Emperor Maximilian, chivalry, and war / Larry Silver -- Images of warfare as political legitimization : Jörg Breu the Elder's rondels for Maximilian I's hunting lodge at Lermos (ca. 1516) / Pia F. Cuneo -- Giogio Vasari's and Niccolò Machiavelli's Medicean emblams of war and peace in the portrait of Duke Alessandro de Medici / Liana de Girolami Cheney -- Seventeenth-century French images of warfare / Julie Anne Plax -- Soldiers and gypsies : outsiders and their families in early sixteenth century German art / R. Andrew Morrall -- Remembering Amalek and Nebuchadnezzar : biblical warfare and symbolic violence in two images in Italian Renaissance Yiddish books of customs / Diane Wolfthal -- Battling fortune in sixteenth-century Italy : Cellini and the changing faces of Fortuna / Gwendolyn Trottein. 0aArt and war. 0aWar in art. 0aArt, Europeany16th century. 0aArt, Europeany17th century.1 aCuneo, Pia F.413Table of Contentsuhttp://www.loc.gov/catdir/toc/fy02/2001043354.html a7bcbccorignewd1eocipf20gy-gencatlg 2lcccBOOKShN 9100 .A78 2001 00102lcc4070aMUCbMUCcTECHd2017-01-31eDonation (BFA)l0oN 9100 .A78 2001p33365r2018-09-07w2017-01-31yBOOKS